[Event "US Open-110"]
[Site "Indianapolis"]
[Date "2009.08.09"]
[Round "9"]
[White "Sevillano, Enrico"]
[Black "Barclay, Kayin"]
[Result "1/2-1/2"]
[WhiteElo "2528"]
[BlackElo "2220"]
[PlyCount "112"]
[EventDate "2009.08.01"]
[EventType "swiss"]
[EventRounds "9"]
[EventCountry "USA"]
[SourceTitle "CBM 131 Extra"]
[Source "ChessBase"]
[SourceDate "2009.09.03"]
[SourceVersion "2"]
[SourceVersionDate "2009.09.16"]
[SourceQuality "1"]

1. e4 e5 2. Nf3 d6 3. d4 exd4 4. Nxd4 Nf6 5. Nc3 Be7 6. g3 Bg4 7. f3 Bd7 8. Bg2 Nc6 9. Nde2 Qc8 10. Nf4 Ne5 11. Qe2 c6 12. a4 0-0 13. 0-0 Ne8 14. b3 Nc7 15. Ba3 Rd8 16. Rad1 Ne8 17. Rd2 Bf8 18. Rfd1 a6 19. Qf2 Qc7 20. Kh1 Rab8 21. Nd3 Ng6 22. f4 Bg4 23. Re1 Bd7 24. f5 Ne5 25. Nxe5 dxe5 26. Bxf8 Kxf8 27. Qc5+ Kg8 28. g4 h6 29. Red1 Nf6 30. Nd5 Nxd5 31. exd5 Re8 32. dxc6 Bxc6 33. Bxc6 Qxc6+ 34. Qxc6 bxc6 35. Rd7 Rb4 36. h3 h5 37. Ra7 Rd4 38. Rxd4 exd4 39. Rxa6 Re1+ 40. Kg2 Re2+ 41. Kf3 Rxc2 42. g5 Kf8 43. Ke4 c5 44. f6 gxf6 45. gxf6 Kg8 46. a5 c4 47. bxc4 Rxc4 48. Ra8+ Kh7 49. a6 d3+ 50. Kxd3 Rh4 51. a7 Rxh3+ 52. Ke2 Ra3 53. Kf2 h4 54. Kg2 Rg3+ 55. Kh2 Ra3 56. Kg2 Rg3+ 1/2-1/2

[Event "US Open-110"]
[Site "Indianapolis"]
[Date "2009.08.06"]
[Round "6"]
[White "Kosteniuk, Alexandra"]
[Black "Barclay, Kayin"]
[Result "1-0"]
[WhiteElo "2516"]
[BlackElo "2220"]
[PlyCount "43"]
[EventDate "2009.08.01"]
[EventType "swiss"]
[EventRounds "9"]
[EventCountry "USA"]
[SourceTitle "CBM 131 Extra"]
[Source "ChessBase"]
[SourceDate "2009.09.03"]
[SourceVersion "2"]
[SourceVersionDate "2009.09.16"]
[SourceQuality "1"]

1. e4 e5 2. Nf3 d6 3. d4 exd4 4. Nxd4 Nf6 5. Nc3 Be7 6. Be2 Nc6 7. Nxc6 bxc6 8. Bf3 Nd7 9. g3 Rb8 10. 0-0 Ne5 11. Bg2 h5 12. f4 Bg4 13. Qe1 Nc4 14. b3 Nb6 15. f5 h4 16. h3 hxg3 17. hxg4 Bf6 18. g5 Be5 19. Bf4 Bd4+ 20. Be3 c5 21. Bxd4 cxd4 22. Ne2 1-0